| 000 | 00847cam a2200181 i 4500 | ||
|---|---|---|---|
| 005 | 20251211102414.0 | ||
| 008 | 250721s2006 jo gr 000 0 ara d | ||
| 082 | 1 | 4 |
_a216.393 _bب ر ه |
| 100 | 1 |
_aالبرهاوي، رعد محمود أحمد _eمؤلف. |
|
| 245 | 1 | 0 |
_aخدمات الوقف الإسلامي : _bو آثاره في مناحي الحياة / _cالدكتور رعد محمود احمد البرهاوي. |
| 264 | 3 | 1 |
_aإربد : _bدار الكتاب الثقافي للطباعة والنشر والتوزيع ؛ _bدار المتنبي للنشر والتوزيع ؛ _bدار الوضاح للنشر والتوزيع، _c2006. |
| 300 | _a206 صفحة. | ||
| 650 | 1 | 7 | _aالفقه الاسلامي. |
| 650 | 1 | 7 | _aالوقف. |
| 650 | 1 | 7 | _aالوقف الخيري. |
| 942 |
_2ddc _cBK |
||
| 999 |
_c110977 _d110977 |
||